The last new wave : the Australian film revival /

Bibliographic Details
Main Author: Stratton, David
Format: Book
Language:English
Published: Sydney : Angus & Robertson, 1980.
Subjects:

MARC

Tag First Indicator Second Indicator Subfields
LEADER 00000cam a2200000 a 4500
001 in00000088161
005 20151008065040.0
008 810910s1980 at cf 00010 eng
010 |a  81130773  
015 |a Aus 
020 |a 0207141460 
035 |a (OCoLC)07814798 
035 |9 AAK5262AM 
039 0 |a 2  |b 3  |c 3  |d 3  |e 3 
040 |a DLC  |c DLC  |d TXA  |d UtOrBLW 
043 |a u-at--- 
049 |a TXAM  |c [1272366] 
050 0 0 |a PN1993.5.A8  |b S8 
082 0 |a 791.43/0994  |2 19 
100 1 |a Stratton, David. 
245 1 4 |a The last new wave :  |b the Australian film revival /  |c David Stratton. 
264 1 |a Sydney :  |b Angus & Robertson,  |c 1980. 
300 |a xix, 337 pages, 16 unnumbered pages of plates :  |b portraits ;  |c 23 cm. 
336 |a text  |b txt  |2 rdacontent 
337 |a unmediated  |b n  |2 rdamedia 
338 |a volume  |b nc  |2 rdacarrier 
650 0 |a Motion pictures  |z Australia  |x History. 
999 |a MARS 
999 f f |s 01c8f2b0-57c6-38a6-8b12-40964b0baf42  |i 052aee9a-3fa8-39ad-956b-c9e5341c6c75  |t 0 
952 f f |p ric  |a Texas A&M University  |b Rellis Campus  |c Joint Library Facility  |d Remote Storage  |t 0  |e PN1993.5.A8 S8  |h Library of Congress classification  |i unmediated -- volume  |m A14806177810 
998 f f |a PN1993.5.A8 S8  |t 0  |l Remote Storage